Statistics for Basketball Trivia

Click here to take the quiz!

General Stats

  • This quiz has been taken 92 times
  • The average score is 8 of 15

Answer Stats

HintAnswer% Correct
Who is considered the best NBA of all time?Michael Jordan
88%
What team is the most successful? (In titles)Boston Celtics
86%
Who is well known for always making 3s?Stephen Curry
78%
What is a made shot right before the buzzer?Buzzer Beater
74%
The tallest player to ever play was how tall?7' 7"
65%
Who has the most NBA Championship titles?Bill Russell
63%
What 2 teams share the same arena?Lakers and Clippers
63%
What was Magic's real name?Earvin
59%
What do they call a missed shot?Air-ball
50%
Who created the game of basketball?James Naismith
49%
When did the NBA become a thing?1946
45%
Kareem changed his name, what was it originally?Lew Alcindor
30%
What was the original ball and basket made of?Leather and Wood
15%
What crazy thing did Dennis Rodman do?Marry himself
13%
Who was the fastest NBA player ever?Russell Westbrook
13%

Score Distribution

Percentile by Number Answered

Percent of People with Each Score

Your Score History

You have not taken this quiz